Biblioteca

La muerte en la literatura actual (Registro nro. 69868)

Detalles MARC
000 -LÍDER
Campo fijo de descripción fija 01326nab a2200205 i 4500
001 - NÚMERO DE CONTROL
Campo de control 768714001
003 - IDENTIFICADOR DEL NÚMERO DE CONTROL
Campo de control CO-MdFUSB
005 - FECHA Y HORA DE LA ULTIMA TRANSACCIÓN
control field 20240523110608.0
008 - ELEMENTOS DE LONGITUD FIJA -- INFORMACIÓN GENERAL
Campo fijo de descripción fija -- Información general 240523t1974 sp ||||| |||| 00| 0 spa d
040 ## - FUENTE DE CATALOGACIÓN
Idioma de catalogación spa
Agencia que realiza la transcripción CO-MdFUSB
Agencia que realiza la modificación CO-MdFUSB
041 ## - CÓDIGO DE IDIOMA
Código de idioma para texto/pista de sonido o título separado spa
100 ## - ASIENTO PRINCIPAL--NOMBRE PERSONAL
Nombre personal Bloching, Karl-Heinz,
Fechas asociadas con el nombre 1932- ‎
Término relacionador autor
245 #3 - TÍTULO
Título La muerte en la literatura actual
Mención de responsabilidad / Karl Heinz Bloching ; traducido por Félix Duque
520 ## - NOTA DE RESUMEN, ETC.
Nota de sumario, etc. La literatura moderna refleja la experiencia de la muerte y las actitudes frente a ella. Su exposición presenta muy diversos matices. En la literatura se encuentran las distintas actitudes y comportamientos que existen ante este fenómeno. La muerte es un tema antiquísimo de la literatura, pero su enfoque ha variado. Se han hecho confusas, cuestionables, o incluso han desaparecido, relaciones que antes eran fundamentales y determinantes; por ejemplo, la fe o el mito. Y la literatura existe para descubrir y asegurar esas relaciones, para intentar representarlas y concretarlas.
650 #0 - ASIENTO SECUNDARIO DE MATERIA - TERMINO TEMÁTICO
Término temático o nombre geográfico como elemento de entrada Muerte
9 (RLIN) 1613
700 ## - ENTR. SECUNDARIA - Nombre Personal (R)
Nombre de persona Duque, Félix,
Término indicativo de función traductor
773 0# - ASIENTO DE ITEM FUENTE
Biblionumber 49450
Itemnumber 82674
Otro identificador del ítem R2584
Título Revista internacional de teología Concilium
Número de control del registro (CO-MdFUSB)8
Número Internacional Normalizado para Publicaciones Seriadas (ISSN) 0210-1041
Parte(s) relacionada(s) / Volumen., número. (mes año), páginas Número 94, (abril, 1974), páginas: 20 - 28
Enumeración y primera página página: 20
942 ## - TIPO DE MATERIAL (KOHA)
Tipo de Item KOHA Artículos de Revista
945 ## - INFORMACIÓN LOCAL DEL REGISTRO
Catalogador Catherine Arias Alvarez - Practicante SENA

No hay ítems disponibles.

Biblioteca FUSBC | Teléfono: (57+4) 349 88 10 Ext. 141| WhatsApp (+57) 3005338115 
E-mail: biblioteca@unisbc.edu.co | Calle 76 87-14 Robledo Palenque, Medellín, Colombia

Con tecnología Koha